Loading...
| Current Events | 1 | 30.00 | 100% | 100% | 100% |
| Fine Arts - Classical Music | 7 | 14.29 | 43% | 43% | 57% |
| Fine Arts - Other | 7 | 17.14 | 71% | 43% | 57% |
| Fine Arts - Painting and Sculpture | 6 | 13.33 | 33% | 33% | 67% |
| Geography | 2 | 15.00 | 50% | 50% | 50% |
| History - American | 4 | 12.50 | 50% | 50% | 25% |
| History - European | 8 | 17.50 | 50% | 50% | 75% |
| History - Other | 6 | 18.33 | 67% | 33% | 83% |
| History - World | 7 | 21.43 | 71% | 57% | 86% |
| Literature - American | 9 | 20.00 | 67% | 89% | 44% |
| Literature - British | 7 | 20.00 | 86% | 57% | 57% |
| Literature - European | 8 | 16.25 | 50% | 63% | 50% |
| Literature - World | 6 | 18.33 | 100% | 50% | 33% |
| Mythology | 6 | 18.33 | 67% | 83% | 33% |
| Other Academic | 3 | 20.00 | 33% | 100% | 67% |
| Philosophy | 6 | 18.33 | 33% | 83% | 67% |
| Pop Culture | 4 | 20.00 | 50% | 100% | 50% |
| Religion | 5 | 18.00 | 40% | 60% | 80% |
| Science - Biology | 6 | 20.00 | 83% | 67% | 50% |
| Science - Chemistry | 7 | 8.57 | 43% | 14% | 29% |
| Science - Other | 6 | 16.67 | 50% | 33% | 83% |
| Science - Physics | 6 | 15.00 | 33% | 50% | 67% |
| Social Science | 7 | 14.29 | 14% | 71% | 57% |